| 000 | 01425nam a2200301Ia 4500 | ||
|---|---|---|---|
| 003 | OSt | ||
| 005 | 20200716190507.0 | ||
| 008 | 191128s2002 ck ad fr 000 0 spa d | ||
| 020 | _a9586824055 | ||
| 040 |
_aCO-JMCR _cCO-JMCR |
||
| 041 | 0 | _aspa | |
| 082 | 0 | 4 |
_a338.98 / _bP293e _223 |
| 100 | 1 |
_aPastrana Arango, Andrés, _eautor _97459 |
|
| 245 | 1 | 0 |
_aEconomía con responsabilidad : _bla política del gobierno de Andrés Pastrana A. / _cAndrés Pastrana A., Mauricio Cárdenas S. y Juan Carlos Echeverry G. |
| 250 | _aPrimera edición | ||
| 260 |
_aBogotá : _bAlfaomega, _c2002 |
||
| 300 |
_a86 páginas : _bgráficas ; _c21 cm. |
||
| 490 | 0 | _aLibros de cambio | |
| 504 | _aBibliografía: | ||
| 505 | 0 | _aLa nación y la no-nación: una moneda con dos caras -- La visión del desarrollo de la administración Pastrana Arango -- Reflexiones sobre crecimiento y bienestar en Colombia | |
| 520 | 3 | _aLos tres documentos que recoge esta publicación explican los fundamentos de la política económica y el principio de responsabilidad desarrollados entre los años 1998 y 2002, durante la administración de Andrés Pastrana Arango. | |
| 650 | 1 | 4 |
_aEconomía colombiana _97460 |
| 650 | 1 | 4 |
_aPolítica y gobierno _zColombia _97461 |
| 650 | 1 | 4 |
_aCondiciones económicas _zColombia _96839 |
| 700 | 1 |
_aCárdenas S., Mauricio, _eautor _96536 |
|
| 700 | 1 |
_aEcheverry G., Juan Carlos, _eautor _97462 |
|
| 942 |
_2ddc _cBK |
||
| 999 |
_c3604 _d3604 |
||